| 000 | 00679nab a2200193 4500 | ||
|---|---|---|---|
| 001 | 244442 | ||
| 003 | OSt | ||
| 005 | 20240306091534.0 | ||
| 007 | tu | ||
| 008 | 200917s2020||||||| | ||
| 040 |
_aDE-2950 _cDE-2950 |
||
| 245 | 0 | 0 |
_aGemeinsamer Klimaprotest von Fridays for Future und Verdi _bProtestaktion. Im Rahmen der Kampagne "Wir fahren zusammen" wurde an diesem Freitag auch in Frankfurt zum Streik aufgerufen. So lief die Demo/ _cSelim Pekel |
| 264 | _c2024 | ||
| 653 | _aFrankfurt (Oder) | ||
| 653 | _aStreik | ||
| 653 | _aÖPNV - Fridays for Future | ||
| 773 | 0 |
_g35. Jahrgang (2024) Nr. 52 vom 01.03..02.2024, S. 15 mit Foto _tMärkische Oderzeitung |
|
| 942 |
_2z _cA |
||
| 999 |
_c373011 _d373011 |
||